000 00402nam a2200181Ia 4500
100 _aChang/Tien-Chien
650 _aCAD
250 _a3
942 _cBK
366 _f20
654 _acomputer aided engineering
245 _aComputer aided Engineering
260 _bPrentice Hall of India
_aNew Delhi
_c2006
082 _a670.285/CHA
_bCHA
300 _a670
546 _aENGLISH
999 _c35603
_d35603